000 00342nam a2200145Ia 4500
008 240624s9999 xx 000 0 und d
041 _aeng
082 _a658.45 ADA
100 _aADAMS DOROTHY
245 _aOUTLOOK LEVEL 1
260 _c2007
_aAustralia
_bThomson/Heinle
300 _a144 : p. : cm. ; 28
365 _cRS
_b10
440 _v2
999 _c10718
_d10718